000 00472nam a2200169Ia 4500
008 220216s9999 xx 000 0 und d
100 _aTao Z
245 0 _aRubber/fiber interactions during the tearing of rubber coated polyester fabrics
260 _bRubber Chemistry and Technology
_c2005
300 _a199-210
650 _aRubber/fiber interaction
650 _aTearing behavior
700 _aChen J
700 _aMead J L
700 _aStacer R G
942 _cJS
999 _c68165
_d68165